1537 1899 1005 1960 1055 1351 1021 1146 1188 1862 1626 1675 1208 1081 1472 1240 1975 1126 1217 1307 1004 1878 1529 1417 1477 1263 1634 1532 1048 1814 1333 1528 1192 1287 1742 1682 1253 1772 1583 1498 1469 1162 1700 1945 1308 1267 1813 1948 1451 1414 1830 1939 1656 1864 1901 1299 1122 1473 1156 1569 1176 1104 1632 1994 1287 1275 1503 1199 1925 1398 1424 1195 1158 1369 1085 1778 1775 1250 1935 1490 1650 1339 1981 1312 1601 1730 1406 1572 1593 1879 1879 1940 1539 1060 1432 1696 1317 1235 1573 BCNSPRNW ULIB Ver.6.0+V

เปลี่ยนเป็นภาษาไทย

Change to English
 แสดงรายละเอียดบรรณานุกรม
  กลับหน้าหลัก

Brief Record : Get Marc (ISO 2709) : E-mail record : QR code < ปิดหน้าต่าง
LEADER : 00000nam 2200000uu 4500
001    13399122804
003     ULIB
008    131003s2555||||th 000 0 tha d
020    ^a9789744753564
050  4 ^aBF637^bน672ส
100 0  ^aนิ้วกลม
245 10 ^aสิ่งที่ค้นพบระหว่างนั่งเฉยเฉย /^cนิ้วกลม
250    ^aพิมพ์ครั้งที่ 19
260    ^aกรุงเทพฯ :^bแพรวสำนักพิมพ์,^c2555
300    ^a211 หน้า :^bภาพประกอบ
650  7 ^aกวีนิพนธ์ไทย
945    ^p155^l0^i034027
999    ^aกมลทิพย์ ธนสารสุธี
รายการนี้ยังไม่มีแท็ก
คุณยังไม่ได้ล็อกอิน คุณสามารถมีกิจกรรมร่วมกับเว็บไซต์ได้ แต่ต้องล็อกอินก่อน ::
  ล็อกอิน

รายการสื่อสารสนเทศ

ลำดับที่ ประเภท เลขเรียก/บาร์โค้ด สถานที่ สถานะ
1. การศึกษาทั่วไป
หนังสือสำรอง
สถานะ=หนังสือสำรอง
BF637 น672ส ฉ.1 
  Barcode: 034027
ห้องสมุดวิทยาเขตสวรรค์ประชารักษ์
►หนังสือทั่วไป
บนชั้น

รายการใกล้เคียง
    ผู้แต่ง [นิ้วกลม]

    หัวเรื่อง [กวีนิพนธ์ไทย]

BibComment


ยังไม่เคยถูกคอมเมนท์

คอมเมนท์ทรัพยากรรายการนี้
  คอมเมนท์: สิ่งที่ค้นพบระหว..


 Copyright 2026. Bcnsprnw @Library